[Event "Fast SC for New Members"]
[Site "SchemingMind.com"]
[Date "2007.02.01"]
[Round "-"]
[White "jamesm_beatty"]
[Black "kwabena"]
[Result "1-0"]
[WhiteCountry "USA"]
[BlackCountry "ENG"]
[WhiteElo "1687"]
[WhiteRD "111"]
[BlackElo "1685"]
[BlackRD "167"]
[GameID "89931"]

1. e4 e6 2. d4 d5 3. Nc3 dxe4 4. Nxe4 b6 5. Qf3 c6 6. Bf4 Bb7 7. O-O-O Be7 8. Qg3 g6 9. Nf3 Bf8 10. Qh4 Qxh4
11. Nxh4 c5 12. Be5 Bxe4 13. Bxh8 cxd4 14. Rxd4 Bd5 15. Nf3 Bxa2 16. b3 Ba3+ 17. Kd2 a6 18. Ra4 Bc5 19. Rxa2 Nc6 20. Bxa6 Ke7
21. Rha1 Nb4 22. Ra4 Nh6 23. Bb5 Rxh8 24. Ra8 Rxa8 25. Rxa8 Bxf2 26. c4 Bd4 27. Nxd4 Ng4 28. Ra4 Nd5 29. cxd5 exd5 30. h3 Ne5
31. Ra6 Nd7 32. Bxd7 Kxd7 33. Rxb6 h5 34. Nf3 Kc7 35. Rf6 Kd7 36. Rxf7+ Ke6 37. Rc7 Kf5 38. Ke3 g5 39. b4 g4 40. hxg4+ hxg4
41. Nh4+ Kg5 42. g3 Kf6 43. b5 Ke5 44. b6 d4+ 45. Kd3 Kd5 46. b7 Kd6 47. b8=Q Ke6 48. Qd8 Ke5 49. Re7+ Kf6 50. Qf8+ Kg5
51. Rg7+
1-0

[Event "Fast SC for New Members"]
[Site "SchemingMind.com"]
[Date "2007.02.01"]
[Round "-"]
[White "kwabena"]
[Black "jamesm_beatty"]
[Result "1-0"]
[WhiteCountry "ENG"]
[BlackCountry "USA"]
[WhiteElo "1685"]
[WhiteRD "167"]
[BlackElo "1687"]
[BlackRD "111"]
[GameID "89932"]

1. e3 e5 2. d4 exd4 3. Qxd4 Nc6 4. Qd1 d5 5. Nc3 Nf6 6. h3 Bb4 7. Ne2 Bf5 8. a3 Bc5 9. Nf4 d4 10. Nb5 O-O
11. exd4 Nxd4 12. Nxd4 Bxd4 13. Be2 Re8 14. O-O Ne4 15. Nd3 b5 16. Bf3 Qd5 17. c3 Bb6 18. Bxe4 Bxe4 19. Nf4 Qc4 20. Re1 Rad8
21. Qg4 c6 22. Nh5 Bg6 23. Bg5 Rd4 24. Rxe8#
1-0

[Event "Fast SC for New Members"]
[Site "SchemingMind.com"]
[Date "2007.02.02"]
[Round "-"]
[White "Jordan Petrov"]
[Black "kwabena"]
[Result "0-1"]
[WhiteCountry "BUL"]
[BlackCountry "ENG"]
[WhiteElo "1572"]
[WhiteRD "178"]
[BlackElo "1685"]
[BlackRD "167"]
[GameID "90060"]

1. e4 e6 2. d4 d5 3. exd5 Qxd5 4. c4 Qd8 5. Nc3 c5 6. d5 Nf6 7. dxe6 Qxd1+ 8. Nxd1 Bxe6 9. Bf4 Nc6 10. Nf3 Be7
11. Be2 O-O 12. O-O Rfd8 13. Ne3 h6 14. Rad1 Ne4 15. Ne5 Nd4 16. Bf3 Nxf3+ 17. Nxf3 Bf6 18. Be5 Bxe5 19. Nxe5 f6 20. Ng6 Nd2
21. b3 Nxf1 22. Rxf1 Rd2
0-1

[Event "Fast SC for New Members"]
[Site "SchemingMind.com"]
[Date "2007.02.02"]
[Round "-"]
[White "Jordan Petrov"]
[Black "jamesm_beatty"]
[Result "0-1"]
[WhiteCountry "BUL"]
[BlackCountry "USA"]
[WhiteElo "1572"]
[WhiteRD "178"]
[BlackElo "1687"]
[BlackRD "111"]
[GameID "90061"]

1. e4 e5 2. Nf3 Nc6 3. Bc4 Nf6 4. O-O Bc5 5. d3 d6 6. h3 Ne7 7. Bg5 Ng6 8. Nc3 Nf4 9. a3 Nxh3+ 10. gxh3 Bxh3
11. Re1 Qd7 12. Qe2 Qg4+
0-1

[Event "Fast SC for New Members"]
[Site "SchemingMind.com"]
[Date "2007.02.02"]
[Round "-"]
[White "kwabena"]
[Black "Jordan Petrov"]
[Result "1-0"]
[WhiteCountry "ENG"]
[BlackCountry "BUL"]
[WhiteElo "1685"]
[WhiteRD "167"]
[BlackElo "1572"]
[BlackRD "178"]
[GameID "90062"]

1. e3 e5 2. d4 exd4 3. Qxd4 Nc6 4. Qd1 Nf6 5. b3 Bb4+ 6. Nd2 Ne4 7. Nf3 d5 8. Bb5 Bd7 9. Bd3 Bg4 10. O-O Ng5
11. h3 Bxd2 12. Bxd2 Bxf3 13. gxf3 Nxh3+ 14. Kg2 Qh4 15. f4 g5 16. Bf5 Rg8 17. Qg4 Qxg4+ 18. Bxg4 Nxf4+ 19. exf4 gxf4 20. Kf3 Ne5+
21. Kxf4 Rxg4+ 22. Kxe5 O-O-O 23. Rg1 Re4+ 24. Kf6
1-0

[Event "Fast SC for New Members"]
[Site "SchemingMind.com"]
[Date "2007.02.02"]
[Round "-"]
[White "jamesm_beatty"]
[Black "Jordan Petrov"]
[Result "0-1"]
[WhiteCountry "USA"]
[BlackCountry "BUL"]
[WhiteElo "1687"]
[WhiteRD "111"]
[BlackElo "1572"]
[BlackRD "178"]
[GameID "90063"]

1. e4 e5 2. Nf3 Nc6 3. Bb5 a6 4. Ba4 b5 5. Bb3 Nf6 6. O-O Bc5 7. Nxe5 Nxe5 8. d4 Bxd4 9. Qxd4 Nc6 10. Qc5 Qe7
11. Qg5 O-O 12. Re1 d5 13. a3 dxe4 14. Nc3 Bb7 15. Nd5 Nxd5 16. Qxd5 Na5 17. Qd2 Nxb3 18. cxb3 f5 19. a4 Rfd8 20. Qg5 Qf7
21. Bf4 b4 22. Rad1 Bd5 23. Rd4 c5 24. Rd2 h6 25. Qg3 g5 26. Be5 f4 27. Qh3 Qe6 28. Qxe6+ Bxe6 29. Rxd8+ Rxd8 30. Rxe4 Rd1+
31. Re1 Rxe1#
0-1

[Event "Fast SC for New Members"]
[Site "SchemingMind.com"]
[Date "2007.02.05"]
[Round "-"]
[White "Sebastian Knight"]
[Black "kwabena"]
[Result "0-1"]
[WhiteCountry "INT"]
[BlackCountry "ENG"]
[WhiteElo "1217"]
[WhiteRD "142"]
[BlackElo "1756"]
[BlackRD "146"]
[GameID "90480"]

1. e4 e6 2. d4 d5 3. Nc3 Bb4 4. e5 c5 5. a3 cxd4 6. axb4 dxc3 7. Nf3 cxb2 8. Bxb2 Nc6 9. b5 Nce7 10. c4 Nh6
11. Bd3 dxc4 12. Bxc4 Qxd1+ 13. Rxd1 O-O 14. Ba3 Re8 15. Bxe7 Nf5 16. Ba3 b6 17. Nd4 Nh6
0-1

[Event "Fast SC for New Members"]
[Site "SchemingMind.com"]
[Date "2007.02.05"]
[Round "-"]
[White "Sebastian Knight"]
[Black "jamesm_beatty"]
[Result "0-1"]
[WhiteCountry "INT"]
[BlackCountry "USA"]
[WhiteElo "1217"]
[WhiteRD "142"]
[BlackElo "1591"]
[BlackRD "87"]
[GameID "90481"]

1. e4 e5 2. Nf3 Nc6 3. Bb5 a6 4. Ba4 Nf6 5. O-O Nxe4 6. d4 b5 7. Bb3 d5 8. dxe5 Be6 9. Nbd2 Nxd2 10. Bxd2 h6
11. c3 Bc5 12. Qe2 f5 13. exf6 Qxf6 14. Bxd5 Nd8 15. Bxa8 O-O 16. Qe4 Nf7
0-1

[Event "Fast SC for New Members"]
[Site "SchemingMind.com"]
[Date "2007.02.05"]
[Round "-"]
[White "kwabena"]
[Black "Sebastian Knight"]
[Result "1-0"]
[WhiteCountry "ENG"]
[BlackCountry "INT"]
[WhiteElo "1756"]
[WhiteRD "146"]
[BlackElo "1217"]
[BlackRD "142"]
[GameID "90483"]

1. e3 e5 2. d4 exd4 3. Qxd4 Nc6 4. Qd1 Nf6 5. Nf3 d5 6. Bb5 Bc5 7. Bxc6+ bxc6 8. Ne5 Ne4 9. Nxc6 Qf6 10. O-O Qxc6
11. Nd2 Ba6 12. Re1 Rd8 13. Qg4 O-O 14. Nxe4 dxe4 15. a3 Be7 16. b4 Qxc2 17. h3 Bf6 18. Bb2 Bxb2 19. Ra2 Rd2 20. Qf5
1-0

[Event "Fast SC for New Members"]
[Site "SchemingMind.com"]
[Date "2007.02.05"]
[Round "-"]
[White "jamesm_beatty"]
[Black "Sebastian Knight"]
[Result "1-0"]
[WhiteCountry "USA"]
[BlackCountry "INT"]
[WhiteElo "1591"]
[WhiteRD "87"]
[BlackElo "1217"]
[BlackRD "142"]
[GameID "90484"]

1. e4 c5 2. Nf3 d6 3. d4 cxd4 4. Nxd4 Nf6 5. Nc3 a6 6. Bg5 e6 7. f4 Nbd7 8. Qf3 Qc7 9. O-O-O Be7 10. g3 b5
11. e5 Bb7 12. Qf2 Bxh1 13. Bg2 Ng4 14. Qf3 Bxg2 15. Qxg2
1-0

[Event "Fast SC for New Members"]
[Site "SchemingMind.com"]
[Date "2007.02.06"]
[Round "-"]
[White "chris.mcmacken"]
[Black "kwabena"]
[Result "0-1"]
[WhiteCountry "USA"]
[BlackCountry "ENG"]
[WhiteElo "1415"]
[WhiteRD "114"]
[BlackElo "1685"]
[BlackRD "167"]
[GameID "90598"]

1. e3 e6 2. Nh3 d5 3. Bb5+ c6 4. Bf1 Nf6 5. b3 Bd6 6. Nf4 O-O 7. d3 e5 8. f3 exf4 9. exf4 Bf5 10. c4 dxc4
11. dxc4 Bb4+ 12. Bd2 Bxb1 13. a3 Bxd2+ 14. Qxd2 Qxd2+ 15. Kxd2 Bf5 16. g4 Rd8+ 17. Ke2 Bd3+ 18. Ke3 Bxf1 19. Rhxf1 Na6 20. g5 Nh5
21. b4 Re8+ 22. Kf2 Nxf4 23. b5 cxb5 24. cxb5 Nc7 25. Kg3 Ne2+ 26. Kg4 Nd4 27. Rfd1 Ndxb5 28. h4 h6 29. gxh6 gxh6 30. Rdc1 Nd5
31. Rab1 Nd6 32. Rd1 Ne3+ 33. Kh5 Nxd1 34. Rxd1 Nf5 35. Rd5 Ne3 36. Rb5 b6 37. Kxh6 Rad8 38. Rg5+ Kh8 39. Rg7 Re6+ 40. Rg6 Rxg6+
41. Kh5 Rd5#
0-1

[Event "Fast SC for New Members"]
[Site "SchemingMind.com"]
[Date "2007.02.06"]
[Round "-"]
[White "chris.mcmacken"]
[Black "jamesm_beatty"]
[Result "0-1"]
[WhiteCountry "USA"]
[BlackCountry "USA"]
[WhiteElo "1415"]
[WhiteRD "114"]
[BlackElo "1687"]
[BlackRD "111"]
[GameID "90599"]

1. e4 c5 2. d3 e6 3. f3 d5 4. exd5 Qxd5 5. Ne2 Nc6 6. Nec3 Qe5+ 7. Ne4 Nf6 8. f4 Qh5 9. Nxf6+ gxf6 10. Qxh5 Bd6
11. Nc3 e5 12. Nd5 Be6 13. Nxf6+ Ke7 14. Ne4 Nb4 15. Nxd6 Kxd6 16. fxe5+ Kc6 17. Qf3+ Bd5 18. Qf6+ Kb5 19. c4+ Bxc4 20. dxc4+ Ka5
21. Qxf7 Nc2+ 22. Kd1 Nxa1 23. Qxb7 Rad8+ 24. Bd2+ Ka4 25. b3+ Ka3 26. Qc7 Kxa2 27. Qxc5 Nxb3 28. Qxa7+ Kb2 29. Qb6 Rxd2+ 30. Ke1 Rhd8
31. Qe3 Rd1+ 32. Kf2 R8d2+ 33. Kg1 Rd4 34. c5 Nxc5 35. e6 Re4 36. Qxc5 Ree1 37. Qb5+ Kc1 38. g4 Rxe6 39. Qc4+ Kd2 40. Qxe6 Re1
41. Kf2 Rxe6 42. Rg1 Rf6+ 43. Kg3 Ke3 44. g5 Rf5 45. h4 Rf3+ 46. Kg4 Rf7 47. Bc4 Rg7 48. Re1+ Kd4 49. Bb5 Kd5 50. h5 Kd6
51. Bd3 h6 52. Kh4 Rxg5 53. Rh1 Ke5 54. Rh3 Kf4 55. Be2 Rg2 56. Bf3 Rg1 57. Bd5 Rg4#
0-1

[Event "Fast SC for New Members"]
[Site "SchemingMind.com"]
[Date "2007.02.11"]
[Round "-"]
[White "chris.mcmacken"]
[Black "Jordan Petrov"]
[Result "0-1"]
[WhiteCountry "USA"]
[BlackCountry "BUL"]
[WhiteElo "1367"]
[WhiteRD "100"]
[BlackElo "1666"]
[BlackRD "131"]
[GameID "90600"]

1. e4 e5 2. Nf3 Nc6 3. Bc4 Bc5 4. d3 h6 5. Nbd2 Nf6 6. Nb3 Bb6 7. a4 Ng4 8. a5 Bxf2+ 9. Kd2 Be3+ 10. Kc3 Nf2
11. Qg1 Nxe4+ 12. dxe4 Bxg1 13. Rxg1 d6 14. Nh4 Qxh4 15. Nd2 Qxh2 16. Nf3 Qg3 17. Be2 Bg4 18. Bd2 Nd4 19. Rge1 Bxf3 20. Bxf3 Nxf3
21. gxf3 Qxf3+ 22. Re3 Qf6 23. Re2 b5 24. Ree1 Qe6 25. Rg1 Qc4#
0-1

[Event "Fast SC for New Members"]
[Site "SchemingMind.com"]
[Date "2007.02.06"]
[Round "-"]
[White "kwabena"]
[Black "chris.mcmacken"]
[Result "1-0"]
[WhiteCountry "ENG"]
[BlackCountry "USA"]
[WhiteElo "1685"]
[WhiteRD "167"]
[BlackElo "1415"]
[BlackRD "114"]
[GameID "90602"]

1. e4 e5 2. Nf3 Nf6 3. Nxe5 Nxe4 4. a3 f6 5. Nf3 a6 6. d3 Nc5 7. Be2 Ne6 8. O-O Nf4 9. Bxf4 g5 10. Bc1 Nc6
11. b4 Bg7 12. Bb2 Rg8 13. d4 g4 14. Nh4 f5 15. Nxf5 Qg5 16. Nxg7+ Rxg7 17. d5 Ne5 18. Nd2 g3 19. fxg3 d6 20. Nc4 Nxc4
21. Bxg7 Qxg7 22. Bxc4 Bg4 23. Re1+ Kd7 24. Qd2 Qg6 25. Bd3 Qh5 26. h3 Bf5 27. g4 Qg6 28. Bxf5+ Qxf5 29. gxf5 c6 30. dxc6+ Kxc6
31. c4 b5 32. Qd5+ Kd7 33. Qxa8 bxc4 34. Qb7+ Kd8 35. Qb8+ Kd7 36. Rad1 c3 37. Rxd6#
1-0

[Event "Fast SC for New Members"]
[Site "SchemingMind.com"]
[Date "2007.02.06"]
[Round "-"]
[White "jamesm_beatty"]
[Black "chris.mcmacken"]
[Result "1-0"]
[WhiteCountry "USA"]
[BlackCountry "USA"]
[WhiteElo "1687"]
[WhiteRD "111"]
[BlackElo "1415"]
[BlackRD "114"]
[GameID "90603"]

1. e4 c5 2. Nf3 d6 3. d4 cxd4 4. Nxd4 Nc6 5. Bb5 Qb6 6. Nc3 g6 7. Qf3 Qxd4 8. e5 Qxe5+ 9. Be3 a6 10. Bxc6+ bxc6
11. Qxc6+ Kd8 12. Qxa8 d5 13. O-O-O Kc7 14. Nxd5+ Kd6 15. Bf4 Ke6 16. Bxe5 Kxe5 17. Qxc8 Nh6 18. Rhe1+ Kd6 19. Qxa6+ Kc5 20. b4#
1-0

[Event "Fast SC for New Members"]
[Site "SchemingMind.com"]
[Date "2007.02.06"]
[Round "-"]
[White "Jordan Petrov"]
[Black "chris.mcmacken"]
[Result "1-0"]
[WhiteCountry "BUL"]
[BlackCountry "USA"]
[WhiteElo "1619"]
[WhiteRD "108"]
[BlackElo "1404"]
[BlackRD "93"]
[GameID "90604"]

1. e4 c5 2. Nf3 Nc6 3. d4 Nxd4 4. Nxd4 cxd4 5. Qxd4 d6 6. e5 d5 7. Bb5+ Bd7 8. Qxd5 e6 9. Bxd7+ Qxd7 10. Qxd7+ Kxd7
11. Nc3 Nf6 12. exf6 gxf6 13. Bf4 e5 14. Be3 Rg8 15. g3 f5 16. O-O-O+ Ke6 17. Nb5 a6 18. Nc7+ Kf6 19. Nxa8 Bd6 20. Rxd6+ Ke7
21. Bc5 Rc8 22. Nb6 Rxc5 23. Rd7+ Ke6 24. Rhd1 Rc6 25. Na8 f4 26. Nc7+ Kf6 27. R1d6+ Rxd6 28. Rxd6+ Kf5 29. Kd2 Kg4 30. Rh6 Kg5
31. Rxh7 Kg6 32. Rh8 Kg5 33. Nd5 fxg3 34. hxg3 Kg4 35. Ke3 Kf5 36. Rh6 Kg5 37. Rf6 Kh5 38. Rxf7 b5 39. Ke4 a5 40. Kf5 a4
41. Rh7#
1-0

[Event "Fast SC for New Members"]
[Site "SchemingMind.com"]
[Date "2007.02.08"]
[Round "-"]
[White "didier"]
[Black "kwabena"]
[Result "1-0"]
[WhiteCountry "CHI"]
[BlackCountry "ENG"]
[WhiteElo "1525"]
[WhiteRD "200"]
[BlackElo "1685"]
[BlackRD "167"]
[GameID "91238"]

1. e4 e6 2. d4 d5 3. e5 c5 4. c3 Nc6 5. Bb5 Bd7 6. Nf3 a6 7. Bxc6 Bxc6 8. O-O g6 9. Be3 Bg7 10. Nbd2 cxd4
11. cxd4 Ne7 12. Rc1 Nf5 13. Nb3 O-O 14. Nc5 Rb8 15. a4 Qe8 16. b3 b5 17. a5 b4 18. Nxa6 Rb7 19. Bd2 Bb5 20. Nc5 Bxf1
21. Nxb7 Qb5 22. Nd6 Nxd6 23. Qxf1 Qxf1+ 24. Kxf1 Ne4 25. Ra1 Rb8 26. Ra4 Bf8 27. Ke2 Rc8 28. a6 Rc2 29. a7 Nc3+ 30. Kd3 Nxa4
31. a8=Q Ra2 32. Qb8 Nb2+ 33. Ke2 Ra3 34. Bxb4 Rxb3 35. Qxf8#
1-0

[Event "Fast SC for New Members"]
[Site "SchemingMind.com"]
[Date "2007.02.08"]
[Round "-"]
[White "didier"]
[Black "jamesm_beatty"]
[Result "0-1"]
[WhiteCountry "CHI"]
[BlackCountry "USA"]
[WhiteElo "1525"]
[WhiteRD "200"]
[BlackElo "1687"]
[BlackRD "111"]
[GameID "91239"]

1. e4 e5 2. Nf3 Nc6 3. c3 Nf6 4. Qe2 d5 5. d4 Nxe4 6. dxe5 Bc5 7. Be3 Qe7 8. c4 Bxe3 9. fxe3 Be6 10. Nbd2 O-O-O
11. g3 dxc4 12. Nxc4 Qb4+ 13. Ncd2 Qxb2 14. Rb1 Qxa2 15. Bg2 Nc3 16. Qf2 Nxb1 17. O-O Nxd2 18. Nxd2 Rxd2 19. Qf3 Bd5 20. Bh3+ Be6
21. Bxe6+ fxe6 22. h4 Qd5 23. e4 Qd4+ 24. Kh1 Nxe5 25. Qf4 Rd1 26. Rxd1 Qxd1+ 27. Kg2 Qe2+ 28. Qf2 Qxf2+ 29. Kh3 h5 30. g4 hxg4#
0-1

[Event "Fast SC for New Members"]
[Site "SchemingMind.com"]
[Date "2007.02.13"]
[Round "-"]
[White "didier"]
[Black "chris.mcmacken"]
[Result "0-1"]
[WhiteCountry "CHI"]
[BlackCountry "USA"]
[WhiteElo "1303"]
[WhiteRD "141"]
[BlackElo "1482"]
[BlackRD "86"]
[GameID "91240"]

1. Nf3 Nc6 2. e4 e6 3. c3 d5 4. e5 h6 5. Bb5 g5 6. Bxc6+ bxc6 7. O-O g4 8. Ne1 h5 9. d4 c5 10. g3 cxd4
11. cxd4 Ne7 12. Bg5 Rg8 13. Bh4 Qd7 14. Nd3 Ba6 15. b4 Nf5 16. Nc5 Qb5 17. Nxa6 Qxa6 18. a3 Qb6 19. Qa4+ c6 20. Rd1 Nxh4
21. gxh4 Be7 22. Rd3 Bxh4 23. Nd2 f6 24. Rc1 Rc8 25. Nb3 fxe5 26. Nc5 exd4 27. Nxe6 Rg6 28. Nxd4 Bf6 29. Re1+ Kf7 30. Ne6 Re8
31. Rde3 d4 32. Re4 Qb8 33. Qxc6 h4 34. Ng5+ Rxg5 35. Qxe8+ Qxe8 36. Rxe8 g3 37. hxg3 hxg3 38. f3 d3 39. R8e4 d2 40. Rd1 Rd5
41. f4 Kg6
0-1

[Event "Fast SC for New Members"]
[Site "SchemingMind.com"]
[Date "2007.02.11"]
[Round "-"]
[White "didier"]
[Black "Jordan Petrov"]
[Result "0-1"]
[WhiteCountry "CHI"]
[BlackCountry "BUL"]
[WhiteElo "1454"]
[WhiteRD "182"]
[BlackElo "1666"]
[BlackRD "131"]
[GameID "91241"]

1. d4 d5 2. c4 e6 3. Nf3 c5 4. cxd5 exd5 5. Nc3 c4 6. g3 Nc6 7. Bg2 Bf5 8. O-O Bb4 9. Ng5 h6 10. Nf3 Bxc3
11. bxc3 Nf6 12. Nh4 Bg4 13. h3 Be6 14. Ba3 Qd7 15. Qe1 Bxh3 16. Rb1 Bxg2 17. Kxg2 O-O-O 18. Bc5 g5 19. Nf3 Ne4 20. Ne5 Nxe5
21. dxe5 b6 22. Bd4 Rh7 23. f3 Nc5 24. Rb2 h5 25. Rh1 g4 26. fxg4 Qxg4 27. Rh4 Qg5 28. Be3 Qe7 29. Bf4 Rg8 30. Qb1 Qxh4
31. Qxh7 Qg4 32. Qc2 Qxf4 33. Qd1 Rxg3+ 34. Kh1 Qh4#
0-1

[Event "Fast SC for New Members"]
[Site "SchemingMind.com"]
[Date "2007.02.08"]
[Round "-"]
[White "didier"]
[Black "Sebastian Knight"]
[Result "1-0"]
[WhiteCountry "CHI"]
[BlackCountry "INT"]
[WhiteElo "1303"]
[WhiteRD "145"]
[BlackElo "1217"]
[BlackRD "151"]
[GameID "91242"]

1. e4 Nc6 2. d4 e5 3. d5 Nce7 4. Nf3 Ng6 5. Be2 Nf6 6. Bg5 Be7 7. Nc3 O-O 8. O-O d6 9. h3 c6 10. Bc4 Nh5
11. Bxe7 Qxe7 12. b3 Ngf4 13. a4 Kh8 14. Qd2
1-0

[Event "Fast SC for New Members"]
[Site "SchemingMind.com"]
[Date "2007.02.08"]
[Round "-"]
[White "kwabena"]
[Black "didier"]
[Result "1-0"]
[WhiteCountry "ENG"]
[BlackCountry "CHI"]
[WhiteElo "1605"]
[WhiteRD "109"]
[BlackElo "1303"]
[BlackRD "141"]
[GameID "91243"]

1. e3 c5 2. c3 Nc6 3. Nf3 e5 4. d4 e4 5. Nfd2 d5 6. a3 Nf6 7. b4 b6 8. Bb5 Bb7 9. bxc5 bxc5 10. dxc5 Bxc5
11. Nb3 Bb6 12. c4 O-O 13. Bb2 a6 14. cxd5 Qxd5 15. Qxd5 Nxd5 16. Bc4 Rad8 17. O-O Nce7 18. Rd1 a5 19. N3d2 f5 20. Nc3 h6
21. Ndb1 h5 22. Nxd5 Bxd5 23. Be2 a4 24. Bxh5 Rc8 25. Bc3 Bc4 26. Bb4 Bc5 27. Nc3 Bxb4 28. axb4 g6 29. Rd7 Rfe8 30. Bd1 Bb3
31. Nxa4 Bxd1 32. Raxd1 Rb8 33. Rb1 Nc6 34. b5 Ne5 35. Kf1 Nd3 36. Nc3 Rec8 37. Nd5 Kf8 38. Nc7 Nc5 39. Rh7 Kg8 40. Re7 Kf8
41. Rh7 Rd8 42. Rh8+ Kg7 43. Rxd8 Rxd8 44. b6 Rb8 45. Ke2 Kh6 46. Nd5 Na4 47. b7 Kg5 48. Rb4 Nc5 49. Nc7 Kh4 50. Kd2 Nd3
51. Rb6 Nc5 52. Nd5 Rxb7 53. Rxb7
1-0

[Event "Fast SC for New Members"]
[Site "SchemingMind.com"]
[Date "2007.02.13"]
[Round "-"]
[White "chris.mcmacken"]
[Black "didier"]
[Result "0-1"]
[WhiteCountry "USA"]
[BlackCountry "CHI"]
[WhiteElo "1415"]
[WhiteRD "114"]
[BlackElo "1525"]
[BlackRD "200"]
[GameID "91245"]

1. b3 d5 2. Nc3 d4 3. Na4 e5 4. Nf3 Nc6 5. e3 Bg4 6. exd4 Nxd4 7. h3 Bxf3 8. gxf3 Qf6 9. c3 Nxf3+ 10. Ke2 e4
11. Nc5 Bxc5 12. b4 Bb6 13. d3 Rd8 14. Qa4+ Qc6 15. Qc2 Qe6 16. dxe4 Qf6 17. Bg2 Nh4 18. Bf1 Qf3+ 19. Ke1 Qxh1 20. Qe2 Nf3+
21. Qxf3 Qxf3 22. Be2 Qxf2#
0-1

[Event "Fast SC for New Members"]
[Site "SchemingMind.com"]
[Date "2007.02.11"]
[Round "-"]
[White "Jordan Petrov"]
[Black "didier"]
[Result "1-0"]
[WhiteCountry "BUL"]
[BlackCountry "CHI"]
[WhiteElo "1619"]
[WhiteRD "108"]
[BlackElo "1417"]
[BlackRD "171"]
[GameID "91246"]

1. e4 e5 2. Nf3 Nc6 3. Bc4 h6 4. d4 exd4 5. Nxd4 Bc5 6. Nxc6 bxc6 7. Qh5 Bxf2+ 8. Kxf2 Qf6+ 9. Kg1 Qd4+ 10. Kf1 Qxc4+
11. Qe2 Qxe2+ 12. Kxe2 Ne7 13. Nc3 Ba6+ 14. Kf2 O-O 15. Bf4 d5 16. exd5 Nxd5 17. Nxd5 cxd5 18. Bxc7 Rfc8 19. Be5 Rxc2+ 20. Kg3 f6
21. Bd4 Rd2 22. Bc3 d4 23. Bxd2 Rb8 24. b3 Re8 25. Rhe1 Rc8 26. Rac1 Rd8 27. Re7 Kh7 28. Rcc7 Bd3 29. Rxg7+ Kh8 30. Rgd7 Rg8+
31. Kf2 Be4 32. g3 d3 33. Bxh6 a6 34. Bg7+ Kh7 35. Bxf6+ Kg6 36. Bc3 Bf5 37. Rg7+ Rxg7 38. Rxg7+ Kh5 39. Kf3 Kh6 40. g4 Bg6
41. h4 a5 42. Rxg6+ Kh7 43. h5 a4 44. bxa4 d2 45. Bxd2 Kh8 46. a5 Kh7 47. Kf4 Kh8 48. Kf5 Kh7 49. Kf6 Kh8 50. Kf7 Kh7
51. Rh6#
1-0